Library Banner

Medical devices (Record no. 54736)

MARC details
000 -LEADER
fixed length control field 00498nam a2200169Ia 4500
001 - CONTROL NUMBER
control field 57445
008 - FIXED-LENGTH DATA ELEMENTS--GENERAL INFORMATION
fixed length control field 140507s9999 xx 000 0 und d
020 ## - INTERNATIONAL STANDARD BOOK NUMBER
International Standard Book Number 9789241564045
040 ## - CATALOGING SOURCE
Transcribing agency PK-LaUMT
082 ## - DEWEY DECIMAL CLASSIFICATION NUMBER
Classification number 610.28
Item number MED-
245 ## - TITLE STATEMENT
Title Medical devices
Remainder of title managing the mismatch (an outcome of the priority medical devices project
260 ## - PUBLICATION, DISTRIBUTION, ETC. (IMPRINT)
Place of publication, distribution, etc Geneva,Switzerland:
Name of publisher, distributor, etc World Health Organization,
Date of publication, distribution, etc 2010
300 ## - PHYSICAL DESCRIPTION
Extent 129 p.
546 ## - LANGUAGE NOTE
Language note EN
650 ## - SUBJECT ADDED ENTRY--TOPICAL TERM
Topical term or geographic name as entry element Equipment and supplies-Standards
942 ## - ADDED ENTRY ELEMENTS (KOHA)
Koha item type Books
Holdings
Withdrawn status Lost status Damaged status Not for loan Home library Current library Date acquired Total Checkouts Full call number Barcode Date last seen Price effective from Koha item type
        UMT Main Campus UMT Main Campus 2014-05-07   610.28 MED- 80508 2014-05-08 2014-05-08 Books